Normal view
MARC view
- القليوبي ، سميحة
Entry Personal Name
001 - CONTROL NUMBER
- control field: 20163
003 - CONTROL NUMBER IDENTIFIER
- control field: JO-AjAnu
005 - DATE AND TIME OF LATEST TRANSACTION
- control field: 20230606073518.0
008 - FIXED-LENGTH DATA ELEMENTS
- fixed length control field: 230606|| aca||aabn | a|a d
040 ## - CATALOGING SOURCE
- Original cataloging agency: JO-AjAnu
- Transcribing agency: JO-AjAnu
100 ## - HEADING--PERSONAL NAME
- Personal name: القليوبي ، سميحة
670 ## - SOURCE DATA FOUND
- Source citation: Work cat.: (JO-AjAnu)10354: القليوبي ، سميحة , author, السمسرة في القانون الكويتي وفقا لقانون التجارة الجديد رقم 68 لسنة 1980 " دراسة مفارنة "